[Event "Europe Echecs online op April"]
[Site "Europe Echecs INT"]
[Date "2020.04.11"]
[Round "4"]
[White "Rosset, Antoine"]
[Black "Claude"]
[Result "1-0"]
[WhiteElo "1780"]
[BlackElo "1526"]
[PlyCount "95"]
[EventDate "2020.04.11"]
[EventType "swiss (blitz)"]
[EventRounds "11"]
[EventCountry "FRA"]
[SourceTitle "EXT 2021"]
[Source "ChessBase"]
[SourceDate "2020.10.23"]
[SourceVersion "1"]
[SourceVersionDate "2020.10.23"]
[SourceQuality "1"]

1. d4 d5 2. e3 e6 3. a3 a6 4. b4 Nd7 5. c4 dxc4 6. Bxc4 b5 7. Ba2 Bb7 8. Nf3 Ngf6 9. Nbd2 Nb6 10. 0-0 Be7 11. Re1 0-0 12. Bb2 Na4 13. Qb3 Rc8 14. Qc2 h6 15. e4 Re8 16. Bb3 Nxb2 17. Qxb2 c6 18. Rad1 a5 19. Ba2 axb4 20. axb4 Ra8 21. e5 Nd5 22. Bxd5 Qxd5 23. Ne4 Ra4 24. Nc5 Ra7 25. Ra1 Rea8 26. Nxb7 Rxa1 27. Rxa1 Rxa1+ 28. Qxa1 Bxb4 29. Qa8+ Kh7 30. Nd8 Qe4 31. Qa1 Kg6 32. h3 Qd3 33. Nxc6 Bc3 34. Qc1 b4 35. Ne1 Qc4 36. Qc2+ f5 37. Ne7+ Kf7 38. Nxf5 exf5 39. Qxf5+ Kg8 40. e6 Bxe1 41. Qf7+ Kh7 42. Kh2 Qxd4 43. e7 Bxf2 44. Qf5+ g6 45. Qf7+ Qg7 46. Qxg7+ Kxg7 47. e8Q Be1 48. Qxe1 1-0